000 00573 a2200193 4500
001 142366
040 _cLeonardo Da Vinci
041 _aPortuguês
082 _a810 W537j
_bW537j
100 _aWEST, Chassie L
245 _aO jogo de 1 milhão de dólares
_buma história fantástica onde o herói é você!
260 _bNova Cultural
_c1985
_aSão Paulo
300 _a118
362 _a19850000
490 _aMicro aventura
500 _aIna Stein Amarante (Tradução)
697 _aLiteratura
_aAventura
_aFicção
_aJogo
_aComputador
_aEstados Unidos
942 _cBK
999 _c142366
_d142366